ბათუმის შოთა რუსთაველის სახელმწიფო უნივერსიტეტის ბიბლიოთეკა

Электротехнические материалы. (ბიბ.ჩანაწერი № 41420)

000 -LEADER
fixed length control field 00701nam a2200241Ia 4500
001 - CONTROL NUMBER
control field 8082
003 - CONTROL NUMBER IDENTIFIER
control field GE_BSU
008 - FIXED-LENGTH DATA ELEMENTS--GENERAL INFORMATION
fixed length control field 181216s||||||||xx |||||||||||||| ||und||
040 ## - CATALOGING SOURCE
Transcribing agency GE_BSU
080 ## - UNIVERSAL DECIMAL CLASSIFICATION NUMBER
Universal Decimal Classification number 621.315(075.32)
100 ## - MAIN ENTRY--PERSONAL NAME
Personal name Корицкий,Ю.В.
245 ## - TITLE STATEMENT
Title Электротехнические материалы.
245 ## - TITLE STATEMENT
Remainder of title Учеб. для техникумов.
245 ## - TITLE STATEMENT
Statement of responsibility, etc. Ред. Ю.В.Гончаренко.
250 ## - EDITION STATEMENT
Edition statement Изд 3-е, перераб.
260 ## - PUBLICATION, DISTRIBUTION, ETC.
Place of publication, distribution, etc. М.
260 ## - PUBLICATION, DISTRIBUTION, ETC.
Name of publisher, distributor, etc. Энергия.
260 ## - PUBLICATION, DISTRIBUTION, ETC.
Date of publication, distribution, etc. 1976.
300 ## - PHYSICAL DESCRIPTION
Extent 320стр.19см.с илл.
300 ## - PHYSICAL DESCRIPTION
Accompanying material табл.
653 ## - INDEX TERM--UNCONTROLLED
Uncontrolled term Электротехнические материалы.
942 ## - ADDED ENTRY ELEMENTS (KOHA)
Koha item type წიგნი
ეგზემპლარები
Withdrawn status Lost status Damaged status Not for loan Date acquired Barcode Date last seen Price effective from Koha item type
        2018-12-17 10118 2018-12-17 2018-12-17 წიგნი